| 000 | 00652nam a2200205 a 4500 | ||
|---|---|---|---|
| 005 | 20220915064113.0 | ||
| 008 | 060608s1989 mx r 000 0 spa d | ||
| 020 | _a8487095216 | ||
| 035 | _aUPN01000145279 | ||
| 049 | _aI | ||
| 050 | 4 |
_aPZ7 _bI7.4 |
|
| 100 | 1 |
_aIrving, Washington, _d1783-1859 _928915 |
|
| 245 | 1 | 3 |
_aLa leyenda de Sleepy Hollow / _cWashington Irving. |
| 260 |
_aMadrid : _bLibertarias-Prodhufi, _c1989. |
||
| 300 |
_a78 p. : _bil. |
||
| 440 | 0 |
_aBiblioteca siempreviva. _pLectura ; _v3 |
|
| 534 |
_pTraducción de: _tThe legend of Sleepy Hollow |
||
| 650 | 0 |
_aHistorias de fantasmas _vLiteratura juvenil _94344 |
|
| 905 | _aInfantil | ||
| 999 |
_c117425 _d117425 |
||